00425nam a22001577a 450000500170000000800410001702000150005804000210007304100080009408200180010210000380012024500540015825000120021226000330022430000100025720230206121752.0230206b ||||| |||| 00| 0 eng d a8173393834 aIN-DiNCcIN-DiNC dasm a891.4514bBOS aBezbora, Nirajana MahantaeEditor aAbhijanan Sakuntalamcby Nirajana Mahanta Bezbora a1st ed. aDibrugarh:bBanalata,c2002. a120p.